Harry Potter Chapter Titles Quiz Stats

 Plays Quiz Updated Feb 20, 2018

Score 0/199 Timer 20:00
21 Plays Today
Chapter Number Chapter Title % Correct
Sorcerer's StoneThe Boy Who Lived
91.9%
Sorcerer's StoneQuidditch
84.7%
Sorcerer's StoneDiagon Alley
84.2%
Chamber of SecretsThe Chamber of Secrets
81.2%
Sorcerer's StoneThe Sorting Hat
78.5%
Sorcerer's StoneThe Letters from No One
77.1%
Sorcerer's StoneThe Vanishing Glass
76.9%
Sorcerer's StoneThe Keeper of the Keys
76.7%
Chamber of SecretsThe Burrow
76%
Goblet of FireThe Goblet of Fire
75.8%
Sorcerer's StoneHallowe'en
75.4%
Goblet of FireThe First Task
75.3%
Goblet of FireThe Second Task
75%
Sorcerer's StoneThe Man with Two Faces
74.9%
Sorcerer's StoneThe Forbidden Forest
74.8%
Goblet of FireThe Quidditch World Cup
74.7%
Goblet of FireThe Third Task
74.1%
Sorcerer's StoneThe Potions Master
74%
Sorcerer's StoneThe Mirror of Erised
74%
Sorcerer's StoneThrough the Trapdoor
73.3%
Goblet of FireThe Yule Ball
72.5%
Half-Blood PrinceThe Half-Blood Prince
72.1%
Prisoner of AzkabanThe Dementor
71.6%
Order of the PhoenixThe Order of the Phoenix
71.6%
Chamber of SecretsThe Whomping Willow
71%
Chamber of SecretsGilderoy Lockhart
70.6%
Sorcerer's StoneThe Journey from Platform Nine and Three-Quarters
70.6%
Prisoner of AzkabanOwl Post
70.3%
Chamber of SecretsThe Worst Birthday
69.9%
Goblet of FireThe Triwizard Tournament
69.8%
Prisoner of AzkabanThe Knight Bus
69.8%
Sorcerer's StoneThe Midnight Duel
69.3%
Sorcerer's StoneNicolas Flamel
69%
Order of the PhoenixDumbledore's Army
68.9%
Chamber of SecretsAragog
68.7%
Prisoner of AzkabanThe Marauder's Map
68.7%
Sorcerer's StoneNorbert the Norwegian Ridgeback
68.6%
Order of the PhoenixThe Ministry of Magic
68%
Chamber of SecretsDobby's Warning
67.7%
Chamber of SecretsThe Polyjuice Potion
67.7%
Deathly HallowsNineteen Years Later
67.6%
Deathly HallowsThe Deathly Hallows
67.5%
Goblet of FireMad-Eye Moody
67.1%
Goblet of FireThe Dark Mark
67%
Prisoner of AzkabanOwl Post Again
66.6%
Deathly HallowsGringotts
66.4%
Goblet of FireThe Riddle House
66%
Order of the PhoenixDudley Demented
65.9%
Deathly HallowsThe Wedding
65.7%
Prisoner of AzkabanMoony, Wormtail, Padfoot and Prongs
65.1%
Chamber of SecretsThe Deathday Party
65%
Half-Blood PrinceThe Other Minister
65%
Chamber of SecretsAt Flourish and Blotts
64.6%
Prisoner of AzkabanAunt Marge's Big Mistake
64.5%
Prisoner of AzkabanHermione's Secret
64.3%
Half-Blood PrinceHorace Slughorn
64.3%
Prisoner of AzkabanCat, Rat and Dog
64%
Deathly HallowsThe Battle of Hogwarts
63.9%
Prisoner of AzkabanThe Leaky Cauldron
63.7%
Order of the PhoenixNumber Twelve, Grimmauld Place
63.7%
Chamber of SecretsThe Heir of Slytherin
63.7%
Prisoner of AzkabanGryffindor Versus Ravenclaw
63.2%
Half-Blood PrinceThe Cave
63.1%
Order of the PhoenixOWLs
63.1%
Goblet of FireThe Portkey
62.9%
Deathly HallowsMalfoy Manor
62.7%
Deathly HallowsKing's Cross
62.5%
Chapter Number Chapter Title % Correct
Order of the PhoenixThe Department of Mysteries
62.5%
Order of the PhoenixLuna Lovegood
62.4%
Chamber of SecretsThe Writing on the Wall
62.3%
Chamber of SecretsDobby's Reward
62.2%
Chamber of SecretsThe Duelling Club
62.1%
Goblet of FireThe Unexpected Task
62%
Goblet of FireThe Pensieve
61.9%
Half-Blood PrinceHorcruxes
61.9%
Half-Blood PrinceThe Slug Club
61.6%
Deathly HallowsGodric's Hollow
61.5%
Goblet of FireThe Four Champions
61.5%
Deathly HallowsThe Seven Potters
61.3%
Order of the PhoenixThe Hearing
61.2%
Chamber of SecretsMudbloods and Murmurs
61.1%
Prisoner of AzkabanThe Firebolt
61.1%
Goblet of FireThe Death Eaters
61.1%
Chamber of SecretsCornelius Fudge
61%
Goblet of FireBeauxbatons and Durmstrang
60.9%
Half-Blood PrinceSpinner's End
60.9%
Deathly HallowsXenophilius Lovegood
60.7%
Half-Blood PrinceThe White Tomb
60.7%
Goblet of FireThe Hungarian Horntail
60.6%
Prisoner of AzkabanThe Patronus
60.3%
Goblet of FireWeasleys' Wizard Wheezes
60.3%
Goblet of FireThe Unforgivable Curses
60.1%
Prisoner of AzkabanTalons and Tea Leaves
60.1%
Chamber of SecretsThe Very Secret Diary
59.8%
Goblet of FireThe Scar
59.8%
Deathly HallowsShell Cottage
59.3%
Order of the PhoenixDetention with Dolores
59.1%
Order of the PhoenixGrawp
58.9%
Prisoner of AzkabanThe Quidditch Final
58.9%
Goblet of FireBagman and Crouch
58.9%
Goblet of FireAboard the Hogwarts Express
58.8%
Chamber of SecretsThe Rogue Bludger
58.5%
Goblet of FireBack to the Burrow
58.4%
Deathly HallowsThe Prince's Tale
58.3%
Goblet of FireThe Weighing of the Wands
58.3%
Goblet of FireFlesh, Blood and Bone
58.2%
Order of the PhoenixProfessor Umbridge
58.1%
Goblet of FirePriori Incantatem
57.8%
Prisoner of AzkabanThe Dementor's Kiss
57.7%
Half-Blood PrinceThe Lightning-Struck Tower
57.7%
Goblet of FireRita Skeeter's Scoop
57.6%
Deathly HallowsThe Life and Lies of Albus Dumbledore
57.1%
Half-Blood PrinceFelix Felicis
57%
Deathly HallowsThe Dark Lord Ascending
56.7%
Deathly HallowsKreacher's Tale
56.7%
Goblet of FireThe Beginning
56.6%
Order of the PhoenixChristmas on the Closed Ward
56.6%
Order of the PhoenixHagrid's Tale
56.5%
Order of the PhoenixSnape's Worst Memory
56.5%
Prisoner of AzkabanGrim Defeat
56.1%
Half-Blood PrinceThe Phoenix Lament
56.1%
Goblet of FireThe Dream
56%
Prisoner of AzkabanThe Boggart in the Wardrobe
56%
Deathly HallowsThe Silver Doe
55.9%
Order of the PhoenixOcclumency
55.8%
Deathly HallowsThe Forest Again
55.7%
Order of the PhoenixA Peck of Owls
55.6%
Goblet of FireThe Egg and the Eye
55.6%
Deathly HallowsThe Tale of the Three Brothers
55.4%
Order of the PhoenixThe Noble and Most Ancient House of Black
55.4%
Goblet of FireVeritaserum
55.3%
Deathly HallowsThe Flaw in the Plan
55.1%
Order of the PhoenixBeyond the Veil
55.1%
Order of the PhoenixThe Only One He Ever Feared
55%
Chapter Number Chapter Title % Correct
Prisoner of AzkabanFlight of the Fat Lady
55%
Order of the PhoenixThe Advance Guard
54.9%
Prisoner of AzkabanProfessor Trelawney's Prediction
54.7%
Goblet of FireThe Invitation
54.7%
Goblet of FireThe Parting of the Ways
54.5%
Goblet of FireMayhem at the Ministry
54.5%
Half-Blood PrinceThe House of Gaunt
54.3%
Goblet of FireThe Madness of Mr Crouch
54.2%
Order of the PhoenixThe Sorting Hat's New Song
54.2%
Half-Blood PrinceFlight of the Prince
54%
Goblet of FireThe House-Elf Liberation Front
53.9%
Deathly HallowsThe Lost Diadem
53.8%
Prisoner of AzkabanThe Servant of Lord Voldemort
53.7%
Order of the PhoenixEducational Decree Number Twenty-four
53.7%
Deathly HallowsThe Elder Wand
53.7%
Deathly HallowsThe Will of Albus Dumbledore
53.5%
Half-Blood PrinceDraco's Detour
53.4%
Half-Blood PrinceSectumsempra
53.4%
Order of the PhoenixThe Hogwarts High Inquisitor
53.3%
Half-Blood PrinceWill and Won't
53.2%
Deathly HallowsMagic is Might
53.2%
Prisoner of AzkabanSnape's Grudge
53.2%
Goblet of FirePadfoot Returns
53.1%
Order of the PhoenixThe Second War Begins
53.1%
Order of the PhoenixThe Woes of Mrs Weasley
53%
Deathly HallowsThe Dursleys Departing
52.6%
Order of the PhoenixIn the Hog's Head
52.2%
Order of the PhoenixSt Mungo's Hospital for Magical Maladies and Injuries
51.9%
Deathly HallowsFallen Warrior
51.8%
Half-Blood PrinceAn Excess of Phlegm
51.7%
Order of the PhoenixThe Eye of the Snake
51.6%
Order of the PhoenixThe Lost Prophecy
51.6%
Deathly HallowsThe Sacking of Severus Snape
51.5%
Half-Blood PrinceA Sluggish Memory
51.1%
Half-Blood PrinceHermione's Helping Hand
50.8%
Deathly HallowsA Place to Hide
50.5%
Deathly HallowsIn Memoriam
50.4%
Half-Blood PrinceSnape Victorious
50.3%
Deathly HallowsBathilda's Secret
50%
Order of the PhoenixPercy and Padfoot
49.8%
Half-Blood PrinceThe Unbreakable Vow
49.7%
Half-Blood PrinceA Very Frosty Christmas
49.6%
Order of the PhoenixThe Centaur and the Sneak
49.5%
Deathly HallowsThe Wandmaker
49.1%
Order of the PhoenixFight and Flight
48.6%
Deathly HallowsThe Final Hiding Place
48.3%
Order of the PhoenixThe Beetle at Bay
48.2%
Half-Blood PrinceElf Tails
48.1%
Half-Blood PrinceSilver and Opals
48%
Half-Blood PrinceThe Seer Overheard
47.3%
Order of the PhoenixThe Lion and the Serpent
47.2%
Half-Blood PrinceAfter the Burial
46.8%
Deathly HallowsThe Thief
46.6%
Order of the PhoenixOut of the Fire
46.4%
Order of the PhoenixCareers Advice
46.3%
Deathly HallowsThe Goblin's Revenge
46.1%
Half-Blood PrinceBirthday Surprises
45.9%
Half-Blood PrinceThe Unknowable Room
45.9%
Deathly HallowsThe Ghoul in Pyjamas
45.9%
Deathly HallowsThe Muggle-Born Registration Commission
45.4%
Order of the PhoenixSeen and Unforeseen
44.9%
Half-Blood PrinceThe Secret Riddle
44.7%
Half-Blood PrinceLord Voldemort's Request
44.1%
Deathly HallowsThe Bribe
44.1%
Deathly HallowsThe Missing Mirror
44%

You're not logged in!

Compare scores with friends on all Sporcle quizzes.
OR
Log In

Sporcle TV

Today on Sporcle TV


Watch our educational content, quiz creation guides, and fun videos on Sporcle TV.

Show Comments

Extras

Top Quizzes Today


Score Distribution

Your Account Isn't Verified!

In order to create a playlist on Sporcle, you need to verify the email address you used during registration. Go to your Sporcle Settings to finish the process.

Report this User

Report this user for behavior that violates our Community Guidelines.

Details: